Some Fundamental Aspects of Imam Ghazzali`s Thought (Record no. 1939)

MARC details
000 -LEADER
fixed length control field 00597nam a2200241 a 4500
020 ## - INTERNATIONAL STANDARD BOOK NUMBER
ISBN
082 00 - DEWEY DECIMAL CLASSIFICATION NUMBER
Classification number 181.07
Author Cutter UMA1
100 ## - MAIN ENTRY--AUTHOR NAME
Author name Umaruddin, M
245 ## - TITLE STATEMENT
Title Some Fundamental Aspects of Imam Ghazzali`s Thought
260 ## - PUBLICATION, DISTRIBUTION, ETC. (IMPRINT)
Place of publication Aligarh
Name of publisher Irshad Book Depot
Year of publication 1946
300 ## - PHYSICAL DESCRIPTION
Number of Pages 193p
500 ## - GENERAL NOTE
General note includes index and biblioraphy
505 2# - FORMATTED CONTENTS NOTE
Formatted contents note Appendix
650 ## - SUBJECT ADDED ENTRY--TOPICAL TERM
Topical Term Philosophy-Islamic
942 ## - ADDED ENTRY ELEMENTS (KOHA)
Koha item type Books
700 1# -
-- Umaruddin, M
Holdings
Home library Current library Date acquired Cost, normal purchase price Full call number Accession Number Koha item type
Henry Martyn Institute Library Henry Martyn Institute Library 05/24/2005 3.00 181.07 UMA1 1643 E-Books
                   Copyright © 2026 | Henry Martyn Institute | Hyderabad | TS-500052 | INDIA | Implemented by hmi.edu.in
Hit-Count:

Powered by Koha